Tekst piosenki "Szampan" - Statystyki

Ogólne statystyki
  • Ten quiz został rozwiązany 550 razy
  • Średni wynik to 23 z 36
Statystyki odpowiedzi
Tekst % Poprawnych
A ten gość {mówi} {coś},o co mu chodzi?
90%
A ten gość {mówi} {coś},spoko, nie szkodzi
88%
Do biegu {start}
88%
Ktoś tu dissuje mnie,niech {gada} {co} {chce}
87%
Szampan wylewa się,toast {mogę} {wznieść}
87%
A ten gość {mówi} {coś},o co mu chodzi?
85%
Szampan wylewa się,toast {mogę} {wznieść}
82%
Będę udawać, że {już} {nie} {boli}
80%
{Zamykam} {oczy}, byłeś uroczy
75%
{Pod} {górkę} mam
72%
Ale na to się pisałam,{tak} {czy} {siak}
70%
Sama {drogę} {tę} {wybrałam},chciałam tak
69%
Ten szampan coś {za} {łatwo} wchodził mi
65%
A ten gość {mówi} {coś}, o co mu chodzi?
64%
A {brak} {mi} sił
63%
A ten gość {mówi} {coś}, spoko, nie szkodzi
63%
Szampan wylewa się,toast {mogę} {wznieść}
63%
Ktoś tu dissuje mnie, niech {gada} {co} {chce}
62%
A ten gość {mówi} {coś}, o co mu chodzi?
60%
A ten gość {mówi} {coś}, o co mu chodzi?
59%
Czy na {łzy} ja znajdę czas?
59%
Szampan wylewa się, toast {mogę} {wznieść}
59%
Szampan wylewa się,toast {mogę} {wznieść}
58%
A ten gość {mówi} {coś},spoko, nie szkodzi
57%
Będę udawać, że {już} {nie} {boli}
57%
Ktoś tu dissuje mnie, niech {gada} {co} {chce}
57%
On szepcze, pronto, pronto {musisz} {iść}
54%
{Zamykam} {oczy}, byłeś uroczy
54%
A ten gość {mówi} {coś}, o co mu chodzi?
53%
{I} {znów} ten typ
53%
Szampan wylewa się,toast {mogę} {wznieść}
53%
Będę udawać, że {już} {nie} {boli}
52%
Czy na {moje} {łzy} jaznajdę jeszcze czas?
50%
{Zamykam} {oczy}, byłeś uroczy
48%
Czy {na} {pożegnanie} znajdę jeszcze czas?
45%
{Spojrzę} {się} ostatni raz
28%
Nie znaleziono quizów pasujących do podanych kryteriów
Rozkład punktacji
Procent ludzi z każdym wynikiem
Percentyl według liczby udzielonych odpowiedzi
Twoja historia wyników
Nie rozwiązałeś tego quizu